تحميل...

Loving women : being lesbian in unprivileged India /

التفاصيل البيبلوغرافية
المؤلف الرئيسي: Sharma, Maya
التنسيق: Printed Book
منشور في: New Delhi : Yoda Press, 2006.
الموضوعات:
LEADER 00600cam a2200169 a 4500
020 |a 8190363417 
020 |a 9788190363419 
082 0 4 |a 306.766 309 54  |b MAY/S 
100 1 |a Sharma, Maya. 
245 1 0 |a Loving women :  |b being lesbian in unprivileged India / 
260 |a New Delhi :  |b Yoda Press,  |c 2006. 
300 |a ix, 191 p. ; 
650 0 |a Lesbians  |z India  |v Biography. 
650 0 |a Lesbians  |z India 
942 |c BK 
999 |c 95384  |d 95384 
952 |0 0  |1 0  |4 0  |6 306_766000000000000_309_54_MAY_S  |7 0  |9 88083  |a SSS  |b SSS  |c GEN  |d 2011-08-08  |g 245.00  |l 1  |o 306.766 309 54 MAY/S  |p SSS05091  |r 2015-09-03  |s 2015-07-23  |w 2011-08-08  |y BK